Los caminos de Heidegger /

I tiakina i:
Ngā taipitopito rārangi puna kōrero
Kaituhi matua: Gadamer, Hans-Georg (autor)
Hōputu: Pukapuka
Reo:Pāniora
I whakaputaina: Barcelona, España : Herder, 2002, c2002
Ngā marau:
Ngā Tūtohu: Tāpirihia he Tūtohu
Kāore He Tūtohu, Me noho koe te mea tuatahi ki te tūtohu i tēnei pūkete!

MARC

LEADER 00000nam^a2200000^a^4500
001 000260223
005 20250521000000.0
009 20260310110432.428
020 |a 84-254-2154-3 
037 |a Acervo Xavier Clavigero 
041 |a ESP 
082 |a 142. 7  |b GAD 
100 |a Gadamer, Hans-Georg  |e (autor) 
245 1 4 |a Los caminos de Heidegger /  |c H.G. Gadamer ; tr. por Angela Ackermann Pilári. 
264 4 |a Barcelona, España :  |b Herder,  |c 2002, c2002 
300 |a 409 p. 
336 |a texto  |b txt  |2 rdacontenido 
337 |a sin mediación  |b n  |2 rdamedio 
338 |a volumen  |b nc  |2 rdasoporte 
649 |a XX 
650 |a Filósofos Alemanes 
650 |a Etica 
650 |a Metafísica 
650 |a Ontología 
650 |a Hermenéutica 
650 |a Estética 
650 |a Existencialismo 
650 |a Fenomenología 
650 |a Filosofía del Siglo XX 
650 |a Filosofía Alemana 
650 |a Heidegger, Martin 
910 |a Fondo General 
920 |a Impresos - Libros 
930 |a Colección General 
905 |a 101 
901 |a 0500125580  |b IT1  |c ACC  |u 20250521 
902 |a https://opac.biblio.iteso.mx/vufind/Record/000260223